| 000 | 00537nam a2200205 a 4500 | ||
|---|---|---|---|
| 005 | 20210219153351.0 | ||
| 008 | 991125n 000 0 spa u | ||
| 035 | _aUPN01000094335 | ||
| 100 | _aMAZUELA PEREZ, Demetrio | ||
| 222 | _aCUADERNOS DE PEDAGOGIA | ||
| 245 | _aEl profesor consultor | ||
| 300 | _a36-39 | ||
| 362 | _a1992 No. 203, may. | ||
| 653 | 0 | _aINTERACCION MAESTRO-ALUMNO | |
| 653 | 0 | _aMAESTRO CONSULTOR | |
| 653 | 0 | _aMAESTROS | |
| 653 | 0 | _aRELACIONES INTERGRUPALES | |
| 904 |
_aAC _b032146 |
||
| 905 | _aArticulo | ||
| 999 |
_c75060 _d75060 |
||